| 000 | 00323nam a2200121Ia 4500 | ||
|---|---|---|---|
| 008 | 190216s9999||||xx |||||||||||||| ||und|| | ||
| 100 | _aKhan M Y & Jain P K | ||
| 245 | 0 | _aManagement Accounting And Financial Management | |
| 260 |
_bTata Mcgrawhill Publishers _c1988 |
||
| 300 | _a704p | ||
| 650 | _aCommerce | ||
| 942 | _cBK | ||
| 999 |
_c5384 _d5384 |
||